[Event "TCh-Moscow 2014"]
[Site "Moscow RUS"]
[Date "2014.10.12"]
[Round "11.5"]
[White "Gagarin, Vasilij"]
[Black "Paravyan, David"]
[Result "1-0"]
[WhiteTitle "IM"]
[BlackTitle "IM"]
[WhiteElo "2292"]
[BlackElo "2428"]
[WhiteTeam "VNIIAvtomatiki"]
[BlackTeam "The chip"]
[WhiteFideId "4103610"]
[BlackFideId "4194985"]
[EventDate "2014.09.27"]

1. d4 Nf6 2. c4 c5 3. d5 b5 4. cxb5 a6 5. bxa6 g6 6. Nc3 Bg7 7. e4 O-O 8. e5 Ne8
9. Nf3 d6 10. Bf4 Qa5 11. Be2 Bxa6 12. O-O Qb4 13. Qc1 Bxe2 14. Nxe2 Nd7 15. a3
Qb7 16. exd6 exd6 17. Nc3 c4 18. Be3 Nc7 19. Rd1 Ra5 20. Rb1 Nc5 21. Bxc5 Rxc5
22. Ng5 Nxd5 23. Nce4 Ra5 24. Nxd6 Qc6 25. Qxc4 Qxd6 26. b4 Rxa3 27. Rxd5 Qf6
28. h4 h6 29. Nf3 Qe6 30. Rbd1 Rc3 31. Qf4 Rb3 32. b5 Qb6 33. Qc4 Rb2 34. R1d2
Rxd2 35. Rxd2 Rb8 36. Rd5 Qe6 37. Qd3 Qe8 38. g3 Bf6 39. h5 g5 40. Nd4 Bxd4 41.
Qxd4 Qe7 42. Rd6 Kh7 43. b6 Re8 44. Rd7 Qe6 45. b7 Qf5 46. Kg2 g4 47. Qd3 Qxd3
48. Rxd3 Kg7 49. Rb3 Rb8 50. Rb6 Kf8 51. Kf1 Ke7 52. Ke2 Kd7 53. Ke3 Kc7 54. Rb2
Re8+ 55. Kf4 Kb8 56. Kxg4 Re5 57. Rb6 Rc5 58. Rxh6 Kxb7 59. Rf6 1-0

[Event "TCh-Moscow 2014"]
[Site "Moscow RUS"]
[Date "2014.10.12"]
[Round "11.5"]
[White "Elishev, Ivan"]
[Black "Morozov, Grigoriy"]
[Result "1/2-1/2"]
[BlackTitle "FM"]
[WhiteElo "2191"]
[BlackElo "2350"]
[WhiteTeam "VNIIAvtomatiki"]
[BlackTeam "The chip"]
[WhiteFideId "4186826"]
[BlackFideId "4168860"]
[EventDate "2014.09.27"]

1. e4 e6 2. d4 d5 3. Nc3 Bb4 4. Ne2 Nf6 5. e5 Ne4 6. a3 Nxc3 7. Nxc3 Be7 8. Qg4
Kf8 9. Qh5 Qe8 10. Nb5 Na6 11. g4 h6 12. Be2 Bd7 13. Nc3 c5 14. Be3 f6 15. f4
Qxh5 16. gxh5 cxd4 17. Bxd4 f5 18. Nb5 Nc5 19. Rg1 Bxb5 20. Bxb5 a6 21. Bd3
Nxd3+ 22. cxd3 Kf7 23. Rc1 Rhc8 24. Kd2 Bf8 25. b4 Rc6 26. Rxc6 bxc6 27. Rc1 a5
28. Bc5 axb4 29. Bxf8 Kxf8 30. axb4 Ra6 31. Ke3 Rb6 32. Kd4 Rxb4+ 33. Kc5 Rxf4
34. Kd6 Rd4 35. Kxe6 f4 36. Rxc6 Kg8 37. Rc8+ Kh7 38. Rf8 Rxd3 39. Rxf4 Ra3 40.
Kxd5 Ra5+ 41. Ke4 Ra4+ 42. Kf5 Ra2 43. Re4 Rf2+ 44. Ke6 Rxh2 45. Kf7 Rxh5 46. e6
Rf5+ 47. Ke8 Rd5 48. Kf7 Rf5+ 49. Ke8 Rd5 50. e7 Kg8 51. Rf4 g5 52. Rf8+ Kg7 53.
Rf7+ Kg8 54. Rf8+ Kg7 55. Rf7+ Kg8 56. Rf8+ Kg7 57. Rf7+ Kg8 58. Rg7+ Kh8 59.
Rg8+ Kxg8 1/2-1/2

[Event "TCh-Moscow 2014"]
[Site "Moscow RUS"]
[Date "2014.10.12"]
[Round "11.5"]
[White "Pletnev, Evgeniy"]
[Black "Minskiy, Andrey"]
[Result "0-1"]
[BlackTitle "FM"]
[WhiteElo "2234"]
[BlackElo "2245"]
[WhiteTeam "The chip"]
[BlackTeam "VNIIAvtomatiki"]
[WhiteFideId "24104140"]
[BlackFideId "4120558"]
[EventDate "2014.09.27"]

1. d4 Nf6 2. Bg5 Ne4 3. Bf4 d5 4. f3 Nf6 5. Nc3 c5 6. e4 e6 7. dxc5 Bxc5 8. exd5
Nxd5 9. Nxd5 exd5 10. Qe2+ Be7 11. O-O-O O-O 12. Qb5 Be6 13. Qxb7 Bg5 14. Ne2
Nd7 15. Bxg5 Qxg5+ 16. f4 Qf6 17. Qb4 Rfc8 18. Qd4 Qe7 19. Ng3 Rab8 20. Bd3 Rb4
21. Qxa7 Qf6 22. Qa3 Qxf4+ 23. Kb1 Nc5 24. Rhf1 Qb8 25. Nf5 Ra4 26. Qc3 d4 27.
Nxd4 Bxa2+ 28. Kc1 Rxd4 29. Bxh7+ Kxh7 30. Rxd4 Nb3+ 31. cxb3 Rxc3+ 32. bxc3
Qxb3 33. Rf3 Qb1+ 34. Kd2 Qb2+ 35. Kd3 Bb1+ 36. Kc4 Qxg2 37. Rh4+ Kg8 38. Rg3
Qc6+ 39. Kb3 f5 40. Rd4 Be4 41. c4 f4 42. Rg4 Qb6+ 43. Kc3 Qa5+ 44. Kb3 Qf5 45.
h3 g5 46. Kb4 Kf7 47. c5 f3 48. Rgxe4 f2 49. c6 f1=Q 50. Rd7+ Kg6 51. Rd6+ Kh5 0-1

[Event "TCh-Moscow 2014"]
[Site "Moscow RUS"]
[Date "2014.10.12"]
[Round "11.5"]
[White "Mayorov, Vasili"]
[Black "Rozanov, Pavel B."]
[Result "1/2-1/2"]
[BlackTitle "FM"]
[WhiteElo "2052"]
[BlackElo "2227"]
[WhiteTeam "VNIIAvtomatiki"]
[BlackTeam "The chip"]
[WhiteFideId "4158172"]
[BlackFideId "4129270"]
[EventDate "2014.09.27"]

1. e4 c5 2. Nf3 e6 3. d4 cxd4 4. Nxd4 a6 5. g3 Qc7 6. Bg2 Bb4+ 7. c3 Be7 8. O-O
Nf6 9. Re1 d6 10. Nd2 O-O 11. Qe2 Nbd7 12. Nf1 Rb8 13. Bf4 Re8 14. Nb3 b5 15.
Rad1 h6 16. Qd2 e5 17. Be3 Bb7 18. Qd3 Bf8 19. Bc1 Rbc8 20. h3 Nb6 21. Ne3 Nc4
22. Nd2 Nxe3 23. Rxe3 Rcd8 24. c4 bxc4 25. Qxc4 Qb8 26. Nb1 Rc8 27. Qb3 Nd7 28.
Rf3 d5 29. exd5 Nc5 30. Qb6 e4 31. Re3 Nd3 32. Rexd3 exd3 33. Bf4 Qa8 34. Nc3
Bc5 35. Qb3 Qa7 36. Ne4 Bf8 37. Qxd3 Red8 38. Be3 Qa8 39. Nc3 Bc5 40. Bxc5 Rxc5
41. Qe3 Qc8 42. Kh2 a5 43. Qf4 Rc4 44. Rd4 Rc5 45. Rd1 Qd7 46. Rd2 Rdc8 47. Rd1
Ba8 48. Rd2 Qa7 49. Qd4 Qb7 50. Qe5 Qb4 51. Qe3 Qb7 52. Qe5 Rd8 53. Qd4 Qc8 54.
Qe3 Rc4 55. Qb6 Qc7 56. Qxc7 Rxc7 57. d6 Rcd7 1/2-1/2